000 00612nam a22001817a 4500
005 20251108165757.0
008 250721s1986 xx 000 0 ara d
082 1 4 _aم/415/هشا
100 1 _aإبن هشام، جمال الدين أبو محمد عبد الله
245 1 0 _aتخليص الشواهد وتلخيص الفوائد /
264 1 _aبيروت :
_bدار الكتاب العربي،
_c1986.
300 _a618ص
650 1 7 _aاللغة العربية
650 1 7 _aالنحو والصرف
700 1 _aالصالحي، عباس مصطفى
_eمحقق
942 _2ddc
_cREF
999 _c31025
_d31025